| Поле | Инд. | ПП | Название | Значение |
|---|---|---|---|---|
| Тип записи | a | |||
| Библиографический уровень | b | |||
| 001 | Контрольный номер | RU/IS/BASE/421781683 | ||
| 005 | Дата корректировки | 20220131135200.5 | ||
| 008 | Кодируемые данные | 20130513 | ||
| 041 | 0_ | a | Код языка текста | eng |
| 084 | a | Индекс другой классификации/Индекс ББК | 60.80 | |
| 100 | 1_ | a | Автор | Мерсиянова И. В. |
| q | Полное имя | Мерсиянова Ирина Владимировна | ||
| 100 | 1_ | a | Автор | Якимец В. Н. |
| q | Полное имя | Якимец Владимир Николаевич | ||
| 100 | 1_ | a | Автор | Пахомова Е. И. |
| q | Полное имя | Пахомова Елена Ивановна | ||
| 245 | 10 | a | Заглавие | Доверие граждан к деятельности государственных служащих |
| 500 | a | Примечание | Аннотация статьи на английском языке: с. 208 | |
| 504 | a | Библиография | Лит. в конце статьи. - Примеч. | |
| 520 | 0_ | a | Аннотация | Обосновывается концепция построения системы индексов, отражающих уровень доверия граждан к деятельности государственных служащих. Разработана анкета опроса граждан для оценки их доверия к трем видам госслужащих (военнослужащим, гражданским служащим и служащим правоохранительных органов). Представлен анализ результатов опроса населения, проведенного в целях построения и расчета значений показателей уровня доверия граждан. |
| 650 | 04 | a | Основная рубрика | социальное управление |
| a | Основная рубрика | теория социального управления | ||
| 653 | 0_ | a | Ключевые слова | военнослужащие |
| a | Ключевые слова | государственная служба | ||
| a | Ключевые слова | государственное управление | ||
| a | Ключевые слова | государственные гражданские служащие | ||
| a | Ключевые слова | государственные служащие | ||
| a | Ключевые слова | государственные услуги | ||
| a | Ключевые слова | гражданские служащие | ||
| a | Ключевые слова | доверие к государственным служащим | ||
| a | Ключевые слова | доверие к государству | ||
| a | Ключевые слова | индексы доверия | ||
| a | Ключевые слова | оценка доверия | ||
| a | Ключевые слова | реформа государственной службы | ||
| a | Ключевые слова | Россия | ||
| a | Ключевые слова | служащие правоохранительных органов | ||
| a | Ключевые слова | уровень доверия | ||
| a | Ключевые слова | эффективность государственных органов | ||
| a | Ключевые слова | эффективность государственных служащих | ||
| a | Ключевые слова | эффективность управления | ||
| 773 | 18 | t | Заглавие источника | Вопросы государственного и муниципального управления |
| d | Дата издания источника | 2012 | ||
| g | Прочая информация | № 4. - С. 98 - 119 : табл., граф., схем., диагр. | ||
| w | Контрольный № источника | RU/IS/BASE/414172742 | ||
| 901 | t | Тип документа | b |